| 000 | 04153 a2200229 4500 | ||
|---|---|---|---|
| 003 | UA-OsUOA | ||
| 005 | 20220509221109.0 | ||
| 008 | 200413b un ||||| |||| 00| 0 ukr d | ||
| 040 |
_aUA-OsUOA _bukr _cUA-OsUOA _dUA-OsUOA |
||
| 041 | _aukr | ||
| 080 | _a821.161.2 | ||
| 090 |
_a821.161.2 _bК48 |
||
| 100 | _aКиріяк І. | ||
| 245 |
_aСини землі: повість з українського життя в Канаді _cІлля Киріяк |
||
| 260 |
_c2018 _aК. _bВІПОЛ |
||
| 300 | _a752 с. | ||
| 520 | _aУнікальна трилогія талановитого та самобутнього письменника Іллі Киріяка "Сини землі" нарешті у "старому краї", про який так багато ностальгують герої його роману. Цей розлогий художньо-літературний опис української колонізації на заході Канади наприкінці XIX - початку ХХ століть стане справжнім подарунком для поціновувачів художньої літератури незалежної України. Читачі мають можливість відкрити для себе сповнене трагізму та здобутками соціальне, культурне й економічне життя перших українських переселенців, які подужали безлюдні канадські степи, дикі корчі, неприступний ліс і перетворили цю землю на широкі лани пшениці. Окрім того, наші земляки будували канадські транснаціональні залізниці, прокладали канадійські шляхи й дороги, створювали спільні з представниками інших народів родини, словом, перетворили у той час малолюдні й неосвоєні простори у культурну, величну й сучасну країну, яка стала "своєю", а відтак - новою Батьківщиною. Таким чином українці стали одними із вагомих "акціонерів" держави Канада. "Сини землі" будуть знахідкою для всіх, хто цікавиться українською історією, соціологією, етнографією. Твір особливо багатий на давні фольклорні ідіоми та не менш давні приказки, показує побут та мову українських ("русинських") імігрантів з колишньої Габсбурської (Австро-Угорської) імперії. Роман визнаний літературними критиками як один із найуспішніших та найамбітніших серед літературних творів, які будь-коли були написані українською мовою в Канаді. Відтак читачеві буде цікаво познайомитись також із життєписом його автора - Іллі Кирияка. І не лише як письменника, але й як журналіста та активного громадського діяча. Перевидання роману в Україні саме у 2018 році вважаємо складовою відзначення 130-ї річниці народження автора та відкриття його як письменника для широкого загалу українців. | ||
| 650 |
_2UDC _a821 Художня література окремими мовами і мовними сім'ями |
||
| 942 |
_cBK _2udc |
||
| 955 | _a3 | ||
| 999 |
_c458784 _d458784 |
||